Normal view MARC view
  • Cos y Soto, Margarita

Entry Nombre Personal

Number of records used in: 1

001 - NUMERO DE CONTROL

  • campo de control: 59368

003 - IDENTIFICADOR DE NUMERO DE CONTROL

  • campo de control: MX-MxUPN

005 - FECHA Y HORA DE LA ÜLTIMA TRANSACCIÓN

  • campo de control: 20260424151148.0

008 - DATOS DE LONGITUD FIJA

  • campo de control de longitud fija: 260424nn acannaabn a aaa d

040 ## - FUENTE DE CATALOGACIÓN

  • Agencia original de catalogación: MX-MxUPN
  • Lenguaje de catalogación: spa

100 1# - ENCABEZAMIENTO - NOMBRE PERSONAL

  • Nombre personal: Cos y Soto, Margarita

400 1# - VEÁSE - NOMBRE DE PERSONA

  • Personal name: Y Soto, Margarita Cos

670 ## - FUENTE EN LA QUE SE LOCALIZARON DATOS

  • Cita de la fuente: Las matemáticas en tus manos, 1995 :
  • Información localizada: portada (Margarita Cos y Soto)

902 ## - CATALOGADOR

  • Catalogador: VíctorGodínez/240426